Datum a čas kvízu
22.5
Celkem bodů
Celkový počet nahraných bodů na tomto kvízu bez doplňovacích otázek.
6.
Pořadí na kvízu
Konečné umístění týmu na tomto kvízu.
Zaznamenané odpovědi
| # | Otázka | Odpověď | Body | Výsledky |
|---|---|---|---|---|
| 1. | Jak se jmenuje sídlo na Uhersk... | D | 0 | |
| 2. | Předvolební boj na Slovensku s... | Igor Matovič, Robert Kaliňák | 0 | |
| 3. | Jak se nazývá historické drama... | Bratři | 1 | |
| 4. | Ve které zemi vydal telekomuni... | ve Francii | 0 | |
| 5. | Která tenistka, světová jednič... | Simona Halep | 1 | |
| 6. | Anglický výraz GOAT zkracuje o... | Eddy Merckx | 1 | |
| 7. | Nejrychlejší muž planety a osm... | Carl Lewis | 1 | |
| 8. | Pokud se kohokoliv zeptáte na... | 1B 2A 3D 4C | 1 | |
| 9. | Ve voze které stáje vyhrál své... | Benetton | 0 | |
| 10. | V březnu 2023 tato americká ly... | Mikaela Shiffrin | 0 |